[Event "French tournament for achieving Senior Title norm"]
[Site "SchemingMind.com"]
[Date "2006.07.03"]
[Round "-"]
[White "inexorable"]
[Black "PackoJones1000"]
[Result "1/2-1/2"]
[WhiteCountry "USA"]
[BlackCountry "ESP"]
[WhiteElo "2175"]
[WhiteRD "85"]
[BlackElo "2263"]
[BlackRD "72"]
[GameID "57836"]

1. e4 e6 2. d4 d5 3. Nc3 Bb4 4. e5 c5 5. a3 Bxc3+ 6. bxc3 Ne7 7. Qg4 O-O 8. Bd3 f5 9. exf6 Rxf6 10. Bg5 Rf7
11. Qh5 g6 12. Qd1 Qa5 13. Bd2 Nbc6 14. Nf3 c4 15. Be2 Nf5 16. O-O Nd6 17. Ng5 Rf8 18. Re1 h6 19. Nf3 g5 20. h4 Ne4
21. Qc1 Kh7 22. hxg5 hxg5 23. Bxg5 Qxc3 24. Bd1 Nxg5 25. Qxg5 Qxa1 26. Qh5+ Kg7 27. Ng5 Nxd4 28. Qh7+ Kf6 29. Qh6+ Ke7 30. Qg7+ Kd6
31. Qxf8+ Kc6 32. Nf7 Qc3 33. Qd6+ Kb5 34. a4+ Kxa4 35. Re3 Qa1 36. Re1 Ka5 37. Qc5+ Ka6 38. Kf1 b6 39. Qe7 Qb2 40. Nd8 Qc3=
1/2-1/2

[Event "French tournament for achieving Senior Title norm"]
[Site "SchemingMind.com"]
[Date "2006.07.03"]
[Round "-"]
[White "Nenad"]
[Black "PackoJones1000"]
[Result "1/2-1/2"]
[WhiteCountry "SLO"]
[BlackCountry "ESP"]
[WhiteElo "2228"]
[WhiteRD "70"]
[BlackElo "2233"]
[BlackRD "70"]
[GameID "57837"]

1. e4 e6 2. d4 d5 3. Nc3 Nf6 4. e5 Nfd7 5. f4 c5 6. Nf3 Nc6 7. Be3 cxd4 8. Nxd4 Qb6 9. a3 Bc5 10. Na4 Qa5+
11. c3 Bxd4 12. Bxd4 Nxd4 13. Qxd4 b6 14. Qb4 Qxb4 15. axb4 Ke7 16. Bb5 Bb7 17. O-O f6 18. b3 Rhd8 19. Rae1 Rac8 20. Bxd7 Rxd7
21. f5 exf5 22. Rxf5 Ke6 23. g4 fxe5 24. Rexe5+ Kd6 25. Re2 Bc6 26. Nb2 a6 27. c4 Kc7 28. h4 h6 29. Kf2=
1/2-1/2

[Event "French tournament for achieving Senior Title norm"]
[Site "SchemingMind.com"]
[Date "2006.07.02"]
[Round "-"]
[White "bernadjm"]
[Black "PackoJones1000"]
[Result "0-1"]
[WhiteCountry "ESP"]
[BlackCountry "ESP"]
[WhiteElo "1994"]
[WhiteRD "74"]
[BlackElo "2196"]
[BlackRD "70"]
[GameID "57838"]

1. e4 e6 2. d4 d5 3. e5 c5 4. c3 Nc6 5. Nf3 Qb6 6. a3 cxd4 7. cxd4 Nh6 8. b4 Nf5 9. Bb2 Bd7 10. g4 Nfe7
11. Nc3 Qd8 12. Bd3 Ng6 13. h4 Nf4 14. Bc2 h5 15. g5 Ne7 16. Bc1 Rc8 17. Bxf4 Rxc3
0-1

[Event "French tournament for achieving Senior Title norm"]
[Site "SchemingMind.com"]
[Date "2006.07.04"]
[Round "-"]
[White "Aumonde"]
[Black "PackoJones1000"]
[Result "1/2-1/2"]
[WhiteCountry "USA"]
[BlackCountry "ESP"]
[WhiteElo "2167"]
[WhiteRD "62"]
[BlackElo "2196"]
[BlackRD "70"]
[GameID "57839"]

1. e4 e6 2. d4 d5 3. e5 c5 4. c3 Nc6 5. Nf3 Bd7 6. Be2 Nge7 7. O-O Rc8 8. Na3 cxd4 9. Nb5 Ng6 10. cxd4 Be7
11. Nd6+ Bxd6 12. exd6 O-O 13. Qb3 Nh4 14. Rd1 Na5 15. Qb4 Nxf3+ 16. Bxf3 b6 17. Be2 Nc4 18. Bf4 Qf6 19. Bg3 a5 20. Qb3 b5
21. Rac1 Qg5 22. Rc3 f5 23. Be5 Nxe5 24. dxe5 f4 25. Rxc8 Rxc8 26. Bxb5 Rb8 27. a4 Qxe5 28. Qa3 Bxb5 29. axb5 Qe2 30. Rc1 Qxb5
31. Rc7 Qe2 32. h3 Qe1+ 33. Kh2 f3 34. Qxf3 Qe5+ 35. Kh1 Rf8 36. Qxf8+ Kxf8 37. Rc8+ Kf7 38. d7 Qe1+=
1/2-1/2

[Event "French tournament for achieving Senior Title norm"]
[Site "SchemingMind.com"]
[Date "2006.07.02"]
[Round "-"]
[White "Edward Kotlyanskiy"]
[Black "PackoJones1000"]
[Result "1-0"]
[WhiteCountry "USA"]
[BlackCountry "ESP"]
[WhiteElo "2244"]
[WhiteRD "103"]
[BlackElo "2155"]
[BlackRD "63"]
[GameID "57840"]

1. e4 e6 2. d4 d5 3. Nc3 Be7 4. e5 c5 5. Qg4 g6 6. Nf3 h5 7. Qf4 cxd4 8. Nxd4 Nh6 9. Be2 g5 10. Qg3 Nc6
11. Ncb5 h4 12. Qb3 Bd7 13. f4 g4 14. Bd2 a6 15. Nxc6 bxc6 16. Nd6+ Bxd6 17. exd6 Nf5 18. Qa3 Qb8 19. Bxg4 Nxd6 20. Qc3 Rg8
21. Bf3 Qb5 22. O-O-O O-O-O 23. Be3 Kb7 24. Bc5 Bc8 25. b3 Ka8 26. Rd4 Qb8 27. Ra4 Bb7 28. Qe3 Nb5 29. Rd1 Rde8 30. c4 Nd6
31. Qe2 Qd8 32. Qe5 Nf5 33. cxd5 cxd5 34. Kb1 f6 35. Qe2 Kb8 36. Bh5 Re7 37. Bxe7 Qxe7 38. Bg4 Qh7 39. Kb2 Rxg4 40. Qxg4 Ne3
41. Qe2 Nxd1+ 42. Qxd1 e5 43. Qe1 Qg7 44. g4 e4 45. Qc3 Qxg4 46. Qxf6 Qg2+ 47. Ka3 Qc2 48. Rb4 Qc1+ 49. Ka4 Qc5 50. Qb6 Qe7
51. f5 e3 52. f6 Qd7+ 53. Ka3 e2 54. Qe3 Qd6 55. Qxe2 a5 56. Qe8+
1-0

[Event "French tournament for achieving Senior Title norm"]
[Site "SchemingMind.com"]
[Date "2006.07.02"]
[Round "-"]
[White "grobler"]
[Black "PackoJones1000"]
[Result "0-1"]
[WhiteCountry "GBR"]
[BlackCountry "ESP"]
[WhiteElo "1954"]
[WhiteRD "77"]
[BlackElo "2233"]
[BlackRD "70"]
[GameID "57841"]

1. e4 e6 2. d4 d5 3. e5 c5 4. c3 Nc6 5. Nf3 Qb6 6. Bd3 Bd7 7. O-O cxd4 8. cxd4 Nxd4 9. Nxd4 Qxd4 10. Nc3 a6
11. Qe2 Ne7 12. Rd1 Nc6 13. Bxa6 Qxe5 14. Bxb7 Qxe2 15. Nxe2 Ra7 16. Bxc6 Bxc6 17. Be3 Rb7 18. Nd4 Bd7 19. a4 e5 20. Nf3 d4
0-1

[Event "French tournament for achieving Senior Title norm"]
[Site "SchemingMind.com"]
[Date "2006.07.03"]
[Round "-"]
[White "pietronagual"]
[Black "inexorable"]
[Result "0-1"]
[WhiteCountry "ESP"]
[BlackCountry "USA"]
[WhiteElo "2185"]
[WhiteRD "96"]
[BlackElo "2175"]
[BlackRD "85"]
[GameID "57882"]

1. e4 e6 2. d4 d5 3. Nd2 c5 4. Ngf3 cxd4 5. exd5 Qxd5 6. Bc4 Qd6 7. O-O Nf6 8. Nb3 Nc6 9. Nbxd4 Nxd4 10. Nxd4 a6
11. Re1 Qc7 12. Bb3 Bd6 13. Nf5 Bxh2+ 14. Kh1 O-O 15. Nxg7 Rd8 16. Qf3 Kxg7 17. g3 b5 18. Kxh2 Bb7 19. Qf4 Qc6 20. Rg1 Rd1
21. Qh6+ Kg8 22. Qg5+ Kf8 23. Be3 Rxa1 24. Qc5+ Ke8 25. Qxc6+ Bxc6 26. Rxa1 Ng4+
0-1

[Event "French tournament for achieving Senior Title norm"]
[Site "SchemingMind.com"]
[Date "2006.07.03"]
[Round "-"]
[White "pietronagual"]
[Black "Nenad"]
[Result "0-1"]
[WhiteCountry "ESP"]
[BlackCountry "SLO"]
[WhiteElo "2135"]
[WhiteRD "88"]
[BlackElo "2263"]
[BlackRD "70"]
[GameID "57883"]

1. e4 e6 2. d4 d5 3. Nc3 Nf6 4. e5 Nfd7 5. f4 c5 6. Nf3 Nc6 7. Be3 cxd4 8. Nxd4 Bc5 9. Qd2 Nxd4 10. Bxd4 Bxd4
11. Qxd4 Qb6 12. Qxb6 Nxb6 13. Nb5 Ke7 14. Bd3 Bd7 15. Nd4 Na4 16. O-O-O Nc5 17. Rhf1 Bc6 18. g4 Nd7 19. h4 g6 20. Be2 Rac8
0-1

[Event "French tournament for achieving Senior Title norm"]
[Site "SchemingMind.com"]
[Date "2006.07.03"]
[Round "-"]
[White "pietronagual"]
[Black "Aumonde"]
[Result "0-1"]
[WhiteCountry "ESP"]
[BlackCountry "USA"]
[WhiteElo "2171"]
[WhiteRD "87"]
[BlackElo "2244"]
[BlackRD "56"]
[GameID "57885"]

1. e4 e6 2. d4 d5 3. Nd2 c5 4. Ngf3 Nc6 5. Bb5 a6 6. Bxc6+ bxc6 7. O-O Nf6 8. e5 Nd7 9. dxc5 a5 10. Re1 Bxc5
11. Nb3 Be7 12. Nfd4 Qb6 13. a4 c5 14. Nb5 O-O 15. Qg4 f6 16. exf6 Nxf6 17. Qg3 Ne4 18. Qc7 Qxc7 19. Nxc7 Ra7 20. Nb5 Ra6
21. f3 c4 22. N3d4 Bh4 23. g3 Nxg3 24. hxg3 Bxg3 25. Rf1 e5 26. Ne2 Bh4 27. Kh2 Raf6 28. Ra3 d4 29. Bd2 Bf5 30. Nexd4 exd4
31. Nxd4 Rd6 32. Be3 Bd7 33. Rd1 Bf6 34. Kg2 Re8 35. Kf2 Bc8 36. Rd2 Bh4+ 37. Ke2 Rg6 38. Nb5 Rg2+ 39. Kf1 Rg3 40. Rf2 Be7
41. Nc7 Rf8
0-1

[Event "French tournament for achieving Senior Title norm"]
[Site "SchemingMind.com"]
[Date "2006.07.03"]
[Round "-"]
[White "pietronagual"]
[Black "Edward Kotlyanskiy"]
[Result "0-1"]
[WhiteCountry "ESP"]
[BlackCountry "USA"]
[WhiteElo "2185"]
[WhiteRD "96"]
[BlackElo "2365"]
[BlackRD "75"]
[GameID "57886"]

1. e4 e6 2. d4 d5 3. Nd2 c5 4. Ngf3 Nf6 5. e5 Nfd7 6. c3 Be7 7. Bd3 Nc6 8. O-O g5 9. dxc5 g4 10. Nd4 Ncxe5
11. Bb5 a6 12. Bxd7+ Bxd7 13. f4 Nd3 14. b4 Nxc1 15. Rxc1 h5 16. f5 e5 17. Qe2 f6 18. Ne6 Qc8 19. c4 d4 20. Ng7+ Kf7
21. Ne6 a5 22. b5 Bxe6 23. fxe6+ Qxe6 24. Qe4 d3 25. Kh1 Rad8 26. Qxb7 Rd7 27. Qe4 Bxc5 28. Nb3 Ba3 29. Rcd1 a4 30. Na5 d2
31. Nc6 Kg7 32. Rf2 Bc1 33. c5 Rc8 34. Qxa4 Qd5 35. Qc2 Qd3 36. Qxd3 Rxd3 37. Nb4 Rd4 38. Na6 Ra4 39. Re2 Rxa2 40. Re3 Bb2
41. Rd3 Bd4
0-1

[Event "French tournament for achieving Senior Title norm"]
[Site "SchemingMind.com"]
[Date "2006.07.03"]
[Round "-"]
[White "pietronagual"]
[Black "PackoJones1000"]
[Result "1-0"]
[WhiteCountry "ESP"]
[BlackCountry "ESP"]
[WhiteElo "2171"]
[WhiteRD "87"]
[BlackElo "2231"]
[BlackRD "75"]
[GameID "57888"]

1. e4 e6 2. Be2 d5 3. e5 d4 4. Nf3 Nc6 5. Bc4 Nge7 6. O-O g5 7. Nxg5 Nxe5 8. d3 N7g6 9. Bb3 h6 10. Ne4 f5
11. Qh5 fxe4 12. Bf4 Qh4 13. Qxh4 Nf3+ 14. gxf3 Nxh4 15. fxe4 e5 16. Bg3 Ng6 17. h4 Bh3 18. Rc1 Be7 19. Kh2 Bg4 20. Nd2 Rf8
21. Nc4 Bf6 22. Ba4+ Ke7 23. c3 dxc3 24. Rxc3 c6 25. Na5 Rab8 26. h5 Nh4 27. Bd1 Bxd1 28. Rxd1 Nf3+ 29. Kh3 Rg8 30. Rb3 Nd4
31. Rb4 Rg5 32. Rc1 Ke8 33. Nxb7 Rxh5+ 34. Kg2 Be7 35. Rxd4 Rxb7 36. Ra4 c5 37. Ra6 Kd7 38. b3 Bd6 39. Rc4 Ke7 40. Rca4 Bb8
41. R6a5 Rd7 42. Rxc5 Rxd3 43. Rb5 Rd8 44. Rb7+ Ke6 45. Ra6+ Rd6 46. Rxd6+
1-0

[Event "French tournament for achieving Senior Title norm"]
[Site "SchemingMind.com"]
[Date "2006.07.03"]
[Round "-"]
[White "inexorable"]
[Black "pietronagual"]
[Result "1-0"]
[WhiteCountry "USA"]
[BlackCountry "ESP"]
[WhiteElo "2175"]
[WhiteRD "85"]
[BlackElo "2185"]
[BlackRD "96"]
[GameID "57889"]

1. e4 e6 2. d4 d5 3. Nc3 Nf6 4. Bg5 Bb4 5. e5 h6 6. Bd2 Bxc3 7. bxc3 Ne4 8. Qg4 g6 9. Bd3 Nxd2 10. Kxd2 c5
11. h4 Qa5 12. Nf3 Nc6 13. Qf4 Bd7 14. Rab1 b6 15. Rb5 Qxa2 16. dxc5 bxc5 17. Rxc5 Qa3 18. Rb5 a6 19. Rb7 Qc5 20. Nd4
1-0

[Event "French tournament for achieving Senior Title norm"]
[Site "SchemingMind.com"]
[Date "2006.07.03"]
[Round "-"]
[White "Nenad"]
[Black "pietronagual"]
[Result "1-0"]
[WhiteCountry "SLO"]
[BlackCountry "ESP"]
[WhiteElo "2247"]
[WhiteRD "69"]
[BlackElo "2185"]
[BlackRD "96"]
[GameID "57890"]

1. e4 e6 2. d4 d5 3. Nc3 Bb4 4. e5 c5 5. a3 Ba5 6. b4 cxd4 7. Qg4 Ne7 8. bxa5 dxc3 9. Qxg7 Rg8 10. Qxh7 Nd7
11. Nf3 Qc7 12. Bb5 a6 13. Bxd7+ Bxd7 14. O-O d4 15. Ng5 O-O-O 16. Nxf7 Nf5 17. Nxd8 Rxg2+ 18. Kh1
1-0

[Event "French tournament for achieving Senior Title norm"]
[Site "SchemingMind.com"]
[Date "2006.07.03"]
[Round "-"]
[White "Aumonde"]
[Black "pietronagual"]
[Result "1-0"]
[WhiteCountry "USA"]
[BlackCountry "ESP"]
[WhiteElo "2212"]
[WhiteRD "60"]
[BlackElo "2185"]
[BlackRD "96"]
[GameID "57892"]

1. e4 e6 2. d4 d5 3. Nc3 Nf6 4. e5 Nfd7 5. Nf3 c5 6. dxc5 Nc6 7. Bb5 Bxc5 8. O-O O-O 9. Bf4 a6 10. Bd3 f6
11. exf6 Qxf6 12. Bg3 Nd4 13. Nxd4 Bxd4 14. Qh5 g6 15. Qe2 Nc5 16. Rae1 Bd7 17. Be5 Bxe5 18. Qxe5 Qf4 19. g3 Nxd3 20. cxd3 Qxe5
21. Rxe5 Rf3 22. Rd1 Raf8 23. Rd2 h6 24. d4 g5 25. Nd1 R3f5 26. Re1 Rc8 27. Ne3 Rff8 28. Ng4 Kg7 29. Ne5 Bb5 30. Ra1 a5
31. a4 Ba6 32. Nd7 Rf7 33. Nc5 Rc6 34. Re1
1-0

[Event "French tournament for achieving Senior Title norm"]
[Site "SchemingMind.com"]
[Date "2006.07.02"]
[Round "-"]
[White "Edward Kotlyanskiy"]
[Black "pietronagual"]
[Result "1-0"]
[WhiteCountry "USA"]
[BlackCountry "ESP"]
[WhiteElo "2403"]
[WhiteRD "75"]
[BlackElo "2171"]
[BlackRD "87"]
[GameID "57893"]

1. e4 e6 2. d4 d5 3. Nc3 Nf6 4. e5 Nfd7 5. f4 c5 6. Nf3 Nc6 7. Be3 cxd4 8. Nxd4 Bc5 9. Qd2 O-O 10. Be2 a6
11. O-O-O Bxd4 12. Bxd4 b5 13. a3 Rb8 14. Kb1 Qe7 15. Na2 Nxd4 16. Qxd4 a5 17. h4 b4 18. axb4 axb4 19. Rh3 b3 20. cxb3 f6
21. exf6 Nxf6 22. Re3 Rf7 23. Bf3 Qf8 24. Rc1 Ra8 25. Nc3 Rfa7 26. f5 Qf7 27. g4 Kh8 28. Rce1 Ra1+ 29. Kc2 Rxe1 30. Rxe1 Ng8
31. h5 h6 32. b4 Rb8 33. Qf4 Rb6 34. b5 Nf6 35. fxe6 Bxe6 36. Ra1 Qe7 37. Ra8+ Bg8 38. Qd4 Rd6 39. b3 Rd7 40. Kb2 Qd6
41. b6 Qg3 42. Bd1 Qd6 43. Na4 Re7 44. Bc2 Rb7 45. Ra7 Rb8 46. b7 Nd7 47. Bf5 Qh2+ 48. Ka3
1-0

[Event "French tournament for achieving Senior Title norm"]
[Site "SchemingMind.com"]
[Date "2006.07.03"]
[Round "-"]
[White "PackoJones1000"]
[Black "pietronagual"]
[Result "0-1"]
[WhiteCountry "ESP"]
[BlackCountry "ESP"]
[WhiteElo "2231"]
[WhiteRD "75"]
[BlackElo "2171"]
[BlackRD "87"]
[GameID "57895"]

1. e4 e6 2. d4 d5 3. Nc3 Nf6 4. Bg5 Bb4 5. e5 h6 6. Bd2 Bxc3 7. Bxc3 Ne4 8. Ne2 c5 9. dxc5 Nc6 10. Bd4 Qe7
11. Nc3 Nxc5 12. f4 O-O 13. Be2 b6 14. Bf2 f6 15. Bb5 Bb7 16. exf6 Qxf6 17. O-O Ne7 18. Bd4 Qg6 19. a4 Nf5 20. Ne2 Ne3
21. Bxe3 d4 22. Ng3 dxe3 23. Qe2 Rad8 24. Qxe3 Qxc2 25. Rf2 Qb3 26. Qxb3 Nxb3 27. Re1 Nd4 28. h4 Rf7 29. h5 Rdf8 30. Ne2 Nxb5
31. axb5 e5 32. g3 Rf5 33. g4 R5f7 34. f5 Rc7 35. Nc3 Rc4 36. Kh2 Rxg4 37. Rxe5 Rg5 38. Re7 Rxh5+ 39. Kg3 Rg5+ 40. Kh4 Bc8
41. Ne4 Rgxf5 42. Rxf5 Bxf5 43. Nc3 Rf7
0-1

[Event "French tournament for achieving Senior Title norm"]
[Site "SchemingMind.com"]
[Date "2006.07.02"]
[Round "-"]
[White "Erhaem"]
[Black "inexorable"]
[Result "1-0"]
[WhiteCountry "NED"]
[BlackCountry "USA"]
[WhiteElo "2083"]
[WhiteRD "67"]
[BlackElo "2122"]
[BlackRD "91"]
[GameID "57899"]

1. e4 e6 2. d4 d5 3. Nc3 Bb4 4. e5 c5 5. a3 Bxc3+ 6. bxc3 Ne7 7. Qg4 O-O 8. Be3 Nf5 9. Bd2 Nc6 10. Nf3 f6
11. exf6 Qxf6 12. Bb5 e5 13. dxe5 Nxe5 14. Nxe5 Qxe5+ 15. Qe2 Qf6 16. O-O Nd6 17. Ba4 a6 18. Rae1 c4 19. Qh5 Bf5 20. Bg5 Qg6
21. Qxg6 hxg6 22. Be7 Rfd8 23. Bxd8 Rxd8 24. Re5 Nf7 25. Re8+ Rxe8 26. Bxe8 Nd6 27. Re1 Kf8 28. Bxg6 Bxg6 29. Re6
1-0

[Event "French tournament for achieving Senior Title norm"]
[Site "SchemingMind.com"]
[Date "2006.07.02"]
[Round "-"]
[White "Erhaem"]
[Black "Nenad"]
[Result "1/2-1/2"]
[WhiteCountry "NED"]
[BlackCountry "SLO"]
[WhiteElo "2087"]
[WhiteRD "65"]
[BlackElo "2247"]
[BlackRD "69"]
[GameID "57900"]

1. e4 e6 2. d4 d5 3. Nc3 dxe4 4. Nxe4 Nd7 5. Nf3 Be7 6. Bd3 Ngf6 7. O-O Nxe4 8. Bxe4 c5 9. c3 O-O 10. Qc2 Nf6
11. Bg5 Nxe4 12. Bxe7 Qxe7 13. Qxe4 cxd4 14. Nxd4 Qc7 15. Rfd1 Bd7 16. Rd2 Rfe8 17. Rad1 Rac8 18. Qd3 a6 19. h4 h6 20. h5 Qc4
21. Qxc4 Rxc4 22. f3 e5 23. Nb3 Be6 24. Kf2 f6 25. g3 Kf8 26. g4 Ke7 27. Rd6 Rb8 28. Ke3 Rc6 29. R6d2 b6 30. Nc1 a5=
1/2-1/2

[Event "French tournament for achieving Senior Title norm"]
[Site "SchemingMind.com"]
[Date "2006.07.02"]
[Round "-"]
[White "Erhaem"]
[Black "bernadjm"]
[Result "1-0"]
[WhiteCountry "NED"]
[BlackCountry "ESP"]
[WhiteElo "2061"]
[WhiteRD "62"]
[BlackElo "1994"]
[BlackRD "74"]
[GameID "57901"]

1. e4 e6 2. d4 d5 3. Nc3 dxe4 4. Nxe4 Nd7 5. Nf3 Ngf6 6. Nxf6+ Nxf6 7. Bd3 c5 8. O-O cxd4 9. Nxd4 a6 10. Re1 Be7
11. c3 O-O 12. Bf4
1-0

[Event "French tournament for achieving Senior Title norm"]
[Site "SchemingMind.com"]
[Date "2006.07.02"]
[Round "-"]
[White "Erhaem"]
[Black "Aumonde"]
[Result "0-1"]
[WhiteCountry "NED"]
[BlackCountry "USA"]
[WhiteElo "2087"]
[WhiteRD "65"]
[BlackElo "2212"]
[BlackRD "60"]
[GameID "57902"]

1. e4 e6 2. d4 d5 3. Nc3 Nf6 4. Bg5 dxe4 5. Nxe4 Nbd7 6. Nxf6+ Nxf6 7. Nf3 c5 8. Bb5+ Bd7 9. Bxd7+ Qxd7 10. Bxf6 gxf6
11. Qe2 cxd4 12. O-O-O Bc5 13. Nxd4 O-O-O 14. Nb3 Qc6 15. Kb1 Bb6 16. f3 Kb8 17. g3 f5 18. Rhe1 Rhe8 19. f4 Rxd1+ 20. Rxd1 f6
21. Nc1 Ba5 22. Qf1 Rd8 23. Nd3 Rd4 24. Qe2 Bb6 25. Qh5 Qd7 26. Qe2 Ka8 27. Ka1= Bc7 28. c3 Rd6 29. b3 Qc6 30. Kb1= Qxc3
31. Rc1 Qa5 32. Nb2 Ra6 33. a4 Bb8 34. Qh5 e5 35. fxe5 Qxe5 36. Qxh7 f4 37. gxf4 Qxf4 38. Rc8= Re6 39. Nd3 Qd6 40. h4 Re3
41. Nc1 Qe5 42. Qd7 Re1 43. Qh3 Rd1 44. h5 Qe4+ 45. Kb2 Rd2+ 46. Ka3 a5 47. Qc3 Qe7+ 48. b4 Rh2 49. Qc5 axb4+ 50. Qxb4 Rh3+
51. Nb3 Qe5 52. Qg4 Rxh5 53. Qd7 Ka7 54. Rc6 Rh2 55. a5 Qb2+ 56. Kb4 Bg3 57. Qe7 Bf2 58. Qe6 Rh4+ 59. Rc4 Bc5+ 60. Kxc5 Qa3+
61. Kd5 Rh5+ 62. Ke4 Re5+ 63. Qxe5 fxe5 64. Nc5 Qb2 65. Kd5 Qa2 66. Ne4 Qxa5+
0-1

[Event "French tournament for achieving Senior Title norm"]
[Site "SchemingMind.com"]
[Date "2006.07.02"]
[Round "-"]
[White "Erhaem"]
[Black "pietronagual"]
[Result "1/2-1/2"]
[WhiteCountry "NED"]
[BlackCountry "ESP"]
[WhiteElo "2087"]
[WhiteRD "65"]
[BlackElo "2185"]
[BlackRD "96"]
[GameID "57903"]

1. e4 e6 2. d4 d5 3. Nc3 Nf6 4. Bg5 Bb4 5. e5 h6 6. Bd2 Bxc3 7. bxc3 Ne4 8. Qg4 g6 9. Bd3 Nxd2 10. Kxd2 c5
11. Nf3 Qa5 12. Rhb1 Nc6 13. Rb5 Qc7 14. Rab1 c4 15. Be2 Qe7 16. Qf4 Qa3 17. R5b2 Nb8 18. Qf6 Rh7 19. Qh4 Nd7 20. Ng5 Qe7
21. Nf3 Qxh4 22. Nxh4 g5 23. Nf3 g4 24. Nh4 Rg7 25. f3 f6 26. exf6 Nxf6 27. Re1 gxf3 28. Bxf3=
1/2-1/2

[Event "French tournament for achieving Senior Title norm"]
[Site "SchemingMind.com"]
[Date "2006.07.02"]
[Round "-"]
[White "Erhaem"]
[Black "Edward Kotlyanskiy"]
[Result "0-1"]
[WhiteCountry "NED"]
[BlackCountry "USA"]
[WhiteElo "2061"]
[WhiteRD "62"]
[BlackElo "2337"]
[BlackRD "82"]
[GameID "57904"]

1. e4 e6 2. d4 d5 3. Nc3 Bb4 4. e5 c5 5. a3 Bxc3+ 6. bxc3 Ne7 7. Qg4 O-O 8. Bd3 Nbc6 9. Qh5 Ng6 10. Nf3 Qc7
11. O-O c4 12. Be2 Qa5 13. Bd2 Bd7 14. h4 f6 15. Rfb1 Qc7 16. Re1 Rae8 17. Rad1 b5 18. Rb1= a6 19. exf6 Rxf6 20. Bg5 Nf4
21. Qg4 Rff8 22. Bh6 Rf7 23. Bxf4 Rxf4 24. Qg3 Ref8 25. Ng5 e5 26. dxe5 Nxe5 27. Bh5 h6 28. Nf3 Rxf3 29. gxf3 Nxf3+ 30. Qxf3 Rxf3
31. Bxf3 Qd6 32. Re3 d4 33. cxd4 Qg6+ 34. Bg2 Qxc2 35. Be4 Qd2 36. Bd5+ Kh7 37. Be4+ Kh8 38. Rbe1 g6 39. d5 Kg7 40. Kf1 Bg4
41. Kg2 h5 42. Kg3 a5 43. f3 Bd7 44. R3e2 Qd4 45. f4 Bg4 46. Re3 b4 47. axb4 axb4 48. Bg2 b3 49. Re4 Qc3+ 50. R4e3 Qb4
51. Be4 c3
0-1

[Event "French tournament for achieving Senior Title norm"]
[Site "SchemingMind.com"]
[Date "2006.07.02"]
[Round "-"]
[White "Erhaem"]
[Black "grobler"]
[Result "1-0"]
[WhiteCountry "NED"]
[BlackCountry "GBR"]
[WhiteElo "2072"]
[WhiteRD "63"]
[BlackElo "1954"]
[BlackRD "77"]
[GameID "57905"]

1. e4 e6 2. d4 d5 3. Nc3 Bb4 4. e5 c5 5. a3 Bxc3+ 6. bxc3 Ne7 7. Qg4 Qc7 8. Qxg7 Rg8 9. Qxh7 cxd4 10. Ne2 Nbc6
11. f4 Bd7 12. Qd3 dxc3 13. Nxc3 a6 14. Rb1 Nf5 15. g4 Nh4 16. Be2 Rg6 17. Bd2 b5 18. O-O Na5 19. Be1
1-0

[Event "French tournament for achieving Senior Title norm"]
[Site "SchemingMind.com"]
[Date "2006.07.02"]
[Round "-"]
[White "Erhaem"]
[Black "PackoJones1000"]
[Result "0-1"]
[WhiteCountry "NED"]
[BlackCountry "ESP"]
[WhiteElo "2013"]
[WhiteRD "61"]
[BlackElo "2158"]
[BlackRD "66"]
[GameID "57906"]

1. e4 e6 2. d4 d5 3. Nc3 Nf6 4. Bg5 Bb4 5. e5 h6 6. Bd2 Bxc3 7. bxc3 Ne4 8. Qg4 g6 9. Bd3 Nxd2 10. Kxd2 c5
11. Nf3 Bd7 12. Rhb1 Bc6 13. Bxg6 fxg6 14. Qxe6+ Qe7 15. Qxg6+ Kd8 16. Re1 Nd7 17. Qd6 Qxd6 18. exd6 cxd4 19. Nxd4 Nb6 20. Re6 Kd7
21. Rae1 Nc4+ 22. Kd3 Rae8 23. Re7+ Rxe7 24. dxe7 Ke8 25. Nxc6 bxc6 26. Kd4 Kd7 27. f4 Re8 28. Kc5 Nd2 29. Re5 Ne4+ 30. Kd4 Rxe7
31. Rxe7+ Kxe7 32. c4 Nf6 33. h3 dxc4 34. g4 Nd5 35. g5 h5 36. f5 h4 37. a3 Nf4
0-1

[Event "French tournament for achieving Senior Title norm"]
[Site "SchemingMind.com"]
[Date "2006.07.03"]
[Round "-"]
[White "inexorable"]
[Black "Erhaem"]
[Result "0-1"]
[WhiteCountry "USA"]
[BlackCountry "NED"]
[WhiteElo "2175"]
[WhiteRD "85"]
[BlackElo "2087"]
[BlackRD "65"]
[GameID "57907"]

1. e4 e6 2. d4 d5 3. Nc3 Bb4 4. e5 c5 5. a3 Bxc3+ 6. bxc3 Ne7 7. Qg4 Qc7 8. Qxg7 Rg8 9. Qxh7 cxd4 10. Ne2 Nbc6
11. f4 Bd7 12. Qd3 dxc3 13. Qxc3 Nf5 14. Rb1 d4 15. Qd3 O-O-O 16. Rg1 Na5 17. g4 Ba4 18. c3 Ne7 19. Nxd4 Nf5 20. Be3 Bc2
21. Qxc2 Nxe3 22. Qd2 Nac4 23. Bxc4 Nxc4 24. Qd3 Nxa3 25. Rb4 b5 26. Kf2 a5 27. Rb3 Qc5 28. h3 Rh8 29. Ra1 Nc4 30. Kg3 b4=
31. Qe4 Nd2
0-1

[Event "French tournament for achieving Senior Title norm"]
[Site "SchemingMind.com"]
[Date "2006.07.03"]
[Round "-"]
[White "Nenad"]
[Black "Erhaem"]
[Result "1-0"]
[WhiteCountry "SLO"]
[BlackCountry "NED"]
[WhiteElo "2225"]
[WhiteRD "69"]
[BlackElo "2083"]
[BlackRD "67"]
[GameID "57908"]

1. e4 e6 2. d4 d5 3. Nc3 Bb4 4. e5 c5 5. a3 Bxc3+ 6. bxc3 Ne7 7. Qg4 Qc7 8. Qxg7 Rg8 9. Qxh7 cxd4 10. Ne2 Qxe5
11. cxd4 Qf6 12. h4 Rh8 13. Bg5 Qxf2+ 14. Kxf2 Rxh7 15. Nf4 b6 16. Bd3 Rh8 17. Rae1 Bb7 18. Bf6 Rg8 19. Nxe6 fxe6 20. Rxe6 Nc6
21. Rhe1 Rf8 22. Rxe7+ Nxe7 23. Rxe7+ Kd8 24. Rf7+ Ke8 25. Rxf8+ Kxf8 26. h5 Rc8 27. g4 Rc3 28. g5
1-0

[Event "French tournament for achieving Senior Title norm"]
[Site "SchemingMind.com"]
[Date "2006.07.03"]
[Round "-"]
[White "Aumonde"]
[Black "Erhaem"]
[Result "1/2-1/2"]
[WhiteCountry "USA"]
[BlackCountry "NED"]
[WhiteElo "2212"]
[WhiteRD "60"]
[BlackElo "2087"]
[BlackRD "65"]
[GameID "57910"]

1. e4 e6 2. d4 d5 3. Nc3 Bb4 4. e5 c5 5. a3 Bxc3+ 6. bxc3 Ne7 7. a4 Nbc6 8. Nf3 Qa5 9. Qd2 Bd7 10. Bd3 f6
11. O-O fxe5 12. Nxe5 Nxe5 13. dxe5 O-O 14. c4 Qxd2 15. Bxd2 Bc6 16. a5 d4 17. Bg5 Rf7 18. c3 Ng6 19. cxd4 cxd4 20. Bxg6 hxg6
21. Rfd1 Rd7 22. Rd3 b5 23. axb6 axb6 24. Rxa8+ Bxa8 25. Rb3 d3 26. Bd2 Kf7 27. Rxb6 Rb7 28. Rb5 Ra7 29. f3 Ra2 30. Bg5 Rc2
31. Rb3 d2 32. Rb1 Rxc4 33. Bxd2 Rc2 34. Bf4 Bc6 35. Ra1 Rc4 36. Ra7+ Kg8 37. Be3 Rc2 38. h4 Bd5 39. Rd7 Kh7 40. Bg5 Kg8
41. Be7 Re2 42. Bd6 Rc2 43. Bb4 Bc6 44. Rd8+ Kh7 45. Rc8 Ba4 46. Rxc2 Bxc2= 47. Kf2 Bd3 48. Ke3 Bf1 49. g4 Bc4 50. Be7 Kh6
51. Bd8 Bd5 52. Kf4 Kh7 53. Bg5 Bc6 54. Ke3 Bb7 55. f4 Bd5 56. Be7 Kh6 57. Kf2 Kh7 58. Bc5 Bh1 59. Ke3 Kh6 60. Bb6 Bc6
61. Ke2 Bd5 62. Bc5=
1/2-1/2